25 профессий Маши Филипенко: повесть

Detaylı Bibliyografya
Yazar: Успенский Э. Н. Эдуард Николаевич
Diğer Yazarlar: Ясинский Г. И. (иллюстратор)
Dil:Rusça
Baskı/Yayın Bilgisi: Ленинград, Детская литература, 1988
Konular:
Materyal Türü: MixedMaterials Kitap
KOHA link:https://koha.lib.tpu.ru/cgi-bin/koha/opac-detail.pl?biblionumber=189375

MARC

LEADER 00000nam0a2200000 4500
001 189375
005 20231101224212.0
010 |a 5080000376 
020 |a RU  |b 88-28693 
035 |a (RuTPU)RU\TPU\book\205830 
090 |a 189375 
100 |a 20101223d1988 c y0rusy5003 ca 
101 0 |a rus 
102 |a RU 
105 |a a z 000ay 
200 1 |a 25 профессий Маши Филипенко  |e повесть  |f Э. Н. Успенский  |g худож. Г. И. Ясинский 
210 |a Ленинград  |c Детская литература  |d 1988 
215 |a 174 с.  |c цв. ил. 
606 1 |a Русская литература современная  |2 stltpush  |3 (RuTPU)RU\TPU\subj\26373  |9 50316 
610 1 |a детская литература 
610 1 |a повести 
675 |a Р2  |v 3 
700 1 |a Успенский  |b Э. Н.  |g Эдуард Николаевич 
702 1 |a Ясинский  |b Г. И.  |4 440 
801 0 |a RU  |b RuMRKP  |c 19950417  |g psbo 
801 1 |a RU  |b 63413507  |c 20101223 
801 2 |a RU  |b 63413507  |c 20220126  |g RCR 
942 |c BK